| 000 | 01128mam a2200313 a 4500 | ||
|---|---|---|---|
| 001 | 23431 | ||
| 003 | BD-RjUL | ||
| 005 | 20211209000929.0 | ||
| 008 | 140310s1992 nyua 001 0 eng d | ||
| 020 | _a0195062310 (pbk.) : | ||
| 020 | _a0195062302 | ||
| 035 | _a(BD-RjUL)23496 | ||
| 035 | _a(BD-RjUL) | ||
| 040 |
_aAZT _cAZT _dKTU _dNNC _beng |
||
| 041 | _aeng | ||
| 082 |
_a901.9 _bWOR 1992 |
||
| 245 | 0 | 0 |
_aWorld resources 1992-93 : _ba report / _cby the World Resources Institute in collaboration with the United Nations Environment Programme and the United Nations Development Programme. |
| 260 |
_aNew York : _bOxford University Press, _c1992. |
||
| 300 |
_axiv, 385 p. : _bill. ; _c28 cm. |
||
| 504 | _aIncludes bibliographical references and index. | ||
| 650 | 0 |
_aNatural resources. _972169 |
|
| 650 | 0 |
_aEnvironmental policy. _972170 |
|
| 650 | 0 |
_aEconomic policy _xEnvironmental aspects. _972171 |
|
| 710 | 2 |
_aWorld Resources Institute. _972172 |
|
| 710 | 2 |
_aUnited Nations Environment Programme. _921794 |
|
| 710 | 2 |
_aUnited Nations Development Programme. _972173 |
|
| 942 |
_2ddc _cBK |
||
| 999 |
_c23431 _d23431 |
||